Music Quiz

Random Music or Song Quiz

Baby Got Back Lyrics Quiz Stats

 Plays Quiz not verified by Sporcle

Challenge
Share
Tweet
Embed
Score 0/124 Timer 10:00
0 Plays Today
First/Last Word (# of Words) Lyrics % Correct
Look/Butt (4)Look at her butt.
91.2%
Oh/Becky (4)Oh, my, god. Becky,
87.6%
It/Big (4)It is so big.
80.9%
She/A (4)she looks like a
70.1%
I/Lie (8)I like big butts and I cannot lie
69.7%
You/Deny (5)You other brothers can't deny
69.3%
She/One (4)She looks like, one
62.9%
Of/Girlfriends (5)of those rap guys' girlfriends
62.9%
You/Sprung (3)You get sprung
60.2%
But/Know (3)But, you know,
54.6%
Total/'Kay (3)total prostitute, 'kay?
52.2%
That/Waist (11)That when a girl walks in with an itty bitty waist
47%
And/Round (7)And a round thing in your face
46.6%
Just/Round (3)just so round,
45.4%
Is/Big (4)Is just so big.
42.6%
I/Butt (4)I mean, her butt
42.2%
They/Because (6)They only talk to her because,
40.2%
And/Picture (4)And take your picture
38.6%
Song Title (3)Baby got back!
38.2%
Song Title (3)Baby got back!
38.2%
Song Title (3)Baby got back!
38.2%
Who/Guys (5)who understands those rap guys?
37.8%
She's/Black (4)She's just so black!
37.8%
I'm/Staring (7)I'm hooked and I can't stop staring
37.8%
Oh/You (7)Oh baby, I wanna get with you
33.5%
But/Got (5)But that butt you got
31.5%
(Callback) (4)MAKES ME SO HORNY
31.5%
(Callback) (1)YEAH!
29.5%
Deep/Wearing (6)Deep in the jeans she's wearing
28.3%
(Callback) (1)YEAH!
27.1%
(One Word)Fellas!
27.1%
My/Me (6)My homeboys tried to warn me
26.7%
To/Romancin' (4)To hell with romancin'
25.9%
Well/Me (5)Well, use me, use me
25.5%
I'm/Magazines (4)I'm tired of magazines
25.5%
(Callback) (2)HELL YEAH!
25.5%
It's/There (4)it's like, out there,
25.1%
Shake/Butt (4)Shake that healthy butt!
24.3%
(Two Words)So, fellas!
23.9%
Has/Butt (6)Has your girlfriend got the butt?
23.9%
(Callback) (2)SHAKE IT!
23.9%
(Two Words)Shake it!
23.9%
First/Last Word (# of Words) Lyrics % Correct
(Callback) (2)SHAKE IT!
23.9%
(One Word)****
22.7%
Sayin'/Thing (6)Sayin' flat butts are the thing
22.3%
I/Wanna (2)I wanna
22.3%
'Cause/Groupie (6)'Cause you ain't that average groupie
21.5%
She's/Wet (3)She's sweat, wet,
21.5%
Tell/It (5)Tell 'em to shake it!
21.1%
Now/Scandal (4)Now here's my scandal
21.1%
You/Benz (8You say you wanna get in my Benz?
20.7%
I/Big (6)I like 'em round, and big
20.3%
Got/'Vette (7)Got it goin' like a turbo 'Vette
19.9%
I'm/Animal (5)I'm actin' like an animal
19.5%
I/it's (4)I can't believe it's
18.7%
(Callback) (1)YEAH!
18.7%
I/Myself (5)I just can't help myself
17.9%
(Callback) (1)YEAH!
17.9%
She/back (5)She gotta pack much back
17.5%
'Cause/Stuffed (7)'Cause you notice that butt was stuffed
15.9%
(One word)Ladies!
15.5%
(Callback) (1)YEAH!
15.5%
My/None (5)My anaconda don't want none
15.5%
I/Look! (4)I mean-gross. Look!
15.1%
Beggin'/Bubble (7)Beggin' for a piece of that bubble
14.7%
Ooh/Skin (5Ooh, Rump o' smooth skin
14.3%
I/Playboy (5)I ain't talkin' bout Playboy
14.3%
(Two words)So, ladies!
14.3%
'Cause/Toys (7)'Cause silicone parts are made for toys
13.5%
But/Butt (6)But please don't lose that butt
13.5%
Stick/Out (3)Stick it out!
12.7%
Even/Shout (6)Even white boys got to shout!
12.7%
I've/Dancin' (4)I've seen them dancin'
12.4%
'Cause/long (3)'Cause I'm long
12.4%
Then/Around (3)Then turn around!
12.4%
Take/That (9)Take the average black man and ask him that
11.6%
I/Home (5)I wanna get you home
11.6%
And/Strong (3)and I'm strong
11.6%
Till/Dawn (5)Till the break of dawn
11.2%
And/Gig (6)And when I'm throwin' a gig
10.8%
Baby/On (5)Baby got it goin' on
10.8%
Mix-a-Lot's/Trouble (5)Mix-a-Lot's in trouble
10.4%
Playin/Fonda (5)Playin' workout tapes by Fonda
10%
You/Sit-ups (8)You can do side bends or sit-ups
10%
First/Last Word (# of Words) Lyrics % Correct
Wanna/Tough (5)Wanna pull out your tough
10%
I/Juicy (7)I want 'em real thick and juicy
9.6%
So/Double (5)So find that juicy double
9.6%
And/On (8)And I'm down to get the friction on
9.2%
Dial/MIXALOT (4)Dial 1-900-MIXALOT
8.8%
(Two Words)UGH, UGH
8.4%
And/Double-up (4)And UGH, double-up
8%
Knock-kneed/Hoes (6)Knock-kneed bimbos walkin' like hoes
8%
I/Ya (5)I won't cuss or hit ya
7.6%
If/Mercedes (7)If you wanna roll in my Mercedes
7.6%
Unless/Hun (5)Unless you've got buns, hun
7.6%
I'll/Flo Jo (7)I'll keep my women like Flo Jo
7.2%
I/Ya (5)I wanna get with ya
7.2%
And/Play (6)And I'd rather stay and play
7.2%
You/Bimbos (5)You can have them bimbos
6.8%
Well/That (6)Well I ain't down with that!
6.8%
And/Stickin' (5)And I'm thinkin' bout stickin'
6.8%
But/say (8)But I gotta be straight when I say
6.4%
So/Honda (6)So your girlfriend rolls a Honda
6.4%
A/Sisters (7)A word to the thick soul sisters,
5.6%
So/Fat (5)So Cosmo says you're fat
5.6%
You/Thing (5)You ain't it, Miss Thing!
5.2%
'Cause/Kickin' (10)'Cause your waist is small and your curves are kickin'
4.8%
A/Song (8)A lot of simps won't like this song
4.4%
Red/Her (7)Red beans and rice didn't miss her
4.4%
And/Thoughts (5)And kick them nasty thoughts
4.4%
To/Magazines (7)To the beanpole dames in the magazines:
4%
So/Videos (6)So I'm looking at rock videos
3.6%
'Cause/It (10)'Cause them punks like to hit it and quit it
3.6%
So/It (7)So they toss it and leave it
2.8%
And/It (8)And I pull up quick to retrieve it
2.8%
And/'Em (9)And I pull up quick to get wit 'em
2.8%
Give/Her (8)Give me a sister, I can't resist her
2.4%
'Cause/List (7)'Cause his girls are on my list
2.4%
And/Throwdown (7)And you want a triple X throwdown,
2.4%
Some/Role (7)Some brothers wanna play that 'hard' role
2%
And/Gold (7)And tell you that butt ain't gold
2%
He/'Em (9)He had game but he chose to hit 'em
2%
So/Round (7)So ladies, if the butt is round,
1.6%
Some/Dis (5)Some knucklehead tried to dis
1.2%

You're not logged in!

Compare scores with friends on all Sporcle quizzes.
Join for Free
OR
Log In

You Might Also Like...

Show Comments

Extras

Top Quizzes Today


Score Distribution

Your Account Isn't Verified!

In order to create a playlist on Sporcle, you need to verify the email address you used during registration. Go to your Sporcle Settings to finish the process.

Report this User

Report this user for behavior that violates our Community Guidelines.

Details: